| 000 | 00850cam a2200265 a 4500 | ||
|---|---|---|---|
| 001 | j 59002400 | ||
| 003 | DLC | ||
| 005 | 20260227111518.0 | ||
| 008 | 960911s1938 ja 000 0 jpn d | ||
| 010 | _aj 59002400 | ||
| 035 | _a(CStRLIN)DCLP96-B14677 | ||
| 040 |
_aHU _cHU _dDLC-R _dDLC |
||
| 042 | _alccopycat | ||
| 043 | _aa-ja--- | ||
| 050 | 0 | 0 |
_aDS881.96 _b.W37 |
| 066 | _c$1 | ||
| 100 | 1 |
_6880-01 _aWatanabe, Ikujirō, _d1877- |
|
| 245 | 1 | 0 |
_6880-02 _aNihon kinsei gaikōshi / _cWatanabe Ikujirō cho. |
| 260 |
_6880-03 _aTōkyō : _bChikura Shobō, _cShōwa 13 [1938] |
||
| 300 |
_a7, 494 p. ; _c23 cm. |
||
| 651 | 0 |
_aJapan _xForeign relations _y1868- |
|
| 880 | 1 |
_6100-01/$1 _a渡邊幾治郎, _d1877- |
|
| 880 | 1 | 0 |
_6245-02/$1 _a日本近世外交史 / _c渡邊幾治郎著. |
| 880 |
_6260-03/$1 _a東京 : _b千倉書房, _c昭和 13 [1938] |
||
| 999 |
_c34882 _d34882 |
||